| 000 | 00405nam a22001697a 4500 | ||
|---|---|---|---|
| 005 | 20240321121906.0 | ||
| 008 | 160502b xxu||||| |||| 00| 0 eng d | ||
| 020 | _a81-7929054 | ||
| 041 | _aeng | ||
| 082 | _b1114 | ||
| 100 |
_aBirkin Malcolm. _9365 |
||
| 245 | _aHow to build an integrated Company | ||
| 260 |
_aNew Delhi _bInfinity books, _c2003 |
||
| 300 | _a215 | ||
| 650 | _aManagement | ||
| 942 | _cBK | ||
| 999 |
_c424 _d424 |
||